Statistiken für Teuerste Zugänge des VfB Stuttgart

Klicken Sie hier um das Quiz zu spielen!

Allgemein

  • Dieses Quiz wurde 45 mal gespielt
  • Das Durchschnittsergebnis liegt bei 9 aus 15

Antwortstatistiken

Ex-VereinNationalitätAblöseSpieler% Korrekt
RennesGuinea9 MioSerhou Guirassy
93%
Paris FCDR Kongo8 MioSilas Katompa Mvumpa
88%
Dinamo ZagrebKroatien6 MioBorna Sosa
83%
Argentinos JuniorsArgentinien11,26 MioNicolás González
83%
GalatasarayTürkei11 MioOzan Kabak
76%
Club Estudiantes de La PlataArgentinien6 MioSantiago Ascacíbar
68%
FC Admira Wacker MödlingÖsterreich6 MioSasa Kalajdzic
66%
TSG HoffenheimSchweiz7,2 MioGregor Kobel
61%
Manchester CitySpanien9 MioPablo Maffeo
61%
FC GroningenSerbien6 MioFilip Kostic
59%
FC SionDR Kongo6 MioChadrac Akolo
39%
Shakhtar DonetskRumänien7 MioCiprian Marica
37%
AC FlorenzSerbien8 MioZdravko Kuzmanovic
37%
AC MailandDänemark7,5 MioJon Dahl Tomasson
29%
BenficaPortugal7,5 MioFernando Meira
20%

Verteilung der Resultate

Perzentil nach korrekt beantworteten Fragen

Anzahl Personen mit jedem Resultat

Ihre Resultats-Entwicklung

Sie haben dieses Quiz noch nicht gespielt